| 000 -LEADER |
| fixed length control field |
00874nam a2200241Ia 4500 |
| 001 - CONTROL NUMBER |
| control field |
3171 |
| 003 - CONTROL NUMBER IDENTIFIER |
| control field |
GE_BSU |
| 008 - FIXED-LENGTH DATA ELEMENTS--GENERAL INFORMATION |
| fixed length control field |
181216s||||||||xx |||||||||||||| ||und|| |
| 020 ## - INTERNATIONAL STANDARD BOOK NUMBER |
| International Standard Book Number |
528017598 |
| 040 ## - CATALOGING SOURCE |
| Transcribing agency |
GE_BSU |
| 080 ## - UNIVERSAL DECIMAL CLASSIFICATION NUMBER |
| Universal Decimal Classification number |
339.1 |
| 100 ## - MAIN ENTRY--PERSONAL NAME |
| Personal name |
Чемберлин,Э |
| 245 ## - TITLE STATEMENT |
| Title |
Теория монополистической конкуренции |
| 245 ## - TITLE STATEMENT |
| Remainder of title |
Реориентация теория стоимости. The Theory Of Monopolistic Competetion |
| 245 ## - TITLE STATEMENT |
| Statement of responsibility, etc. |
пер. с англ. Э. Г. Лейкина и Л. Я. Розовского. под. ред. О. Ю. ольсевича, ред З. А. басырова |
| 260 ## - PUBLICATION, DISTRIBUTION, ETC. |
| Place of publication, distribution, etc. |
Москва |
| 260 ## - PUBLICATION, DISTRIBUTION, ETC. |
| Name of publisher, distributor, etc. |
Экономика |
| 260 ## - PUBLICATION, DISTRIBUTION, ETC. |
| Date of publication, distribution, etc. |
1996 |
| 300 ## - PHYSICAL DESCRIPTION |
| Extent |
351 с. 21 см |
| 653 ## - INDEX TERM--UNCONTROLLED |
| Uncontrolled term |
Теория монополистической конкуренции |
| 942 ## - ADDED ENTRY ELEMENTS (KOHA) |
| Koha item type |
წიგნი |